000 01113nam a22001937a 4500
003 JO-AjAnu
005 20240708105402.0
008 240708b jo ||||| |||| 00| 0 ara d
040 _aJO-AjAnu
_cJO-AjAnu
041 _aARA
100 1 _aالهربيد، احمد فايز محمود
_966052
_eمعد
245 0 _aاستراتيجيات العمليات الانتاجية واثرهال على جودة المنتجات في مصانع الالبسة في المدن الصناعية الاردنية = Production Operations Strategies and Their impact on product Quality in jordanian industrial Cities Clothing Factories / الأردنية
_cاعداد احمد فايز محمود الهربيد ؛ إشراف بلال احمد المثاني
260 _c2024
300 _a102 ورقة
500 _aرسالة جامعية(ماجستير).- جامعة عجلون الوطنية ، كلية الاعمال، تخصص ادارة الاغعمال، 2010.
650 0 _aادارة الانتاج
_966057
700 1 _aالمثاني، بلال احمد
_965043
_eمشرف
942 _2lcc
_cTHS
_n0
999 _c33579
_d33579